| 000 | 00503nam a2200169Ia 4500 | ||
|---|---|---|---|
| 005 | 20250923144842.0 | ||
| 008 | 008 250917s9999 xx 000 0 eng d | ||
| 037 | _aTextual | ||
| 040 |
_aDSWL _beng _cDSWL |
||
| 041 |
_aeng _2eng |
||
| 084 |
_aX8(J):9.2'N5t4, N56 _qDSWL |
||
| 245 | 0 | _aSecond agricultural labour enquiry 1956, Vol. 5-12 | |
| 260 |
_aIndia _bLabourBureau Ministry of _c1961 |
||
| 300 | _aiv,63p. | ||
| 942 |
_cTEXL _hX8(J):9.2'N5t4, N56 |
||
| 999 |
_c1444163 _d1444163 |
||